000
00251nam a22000977a 4500
999
_c
508425
_d
508425
082
_a
L1/W/1957-58
100
_a
Government of India
_9
3744
245
_a
White paper on budget, 1957-58
260
_a
Delhi
_b
Manager of Publications
_c
1957
300
_a
164+p.